| 000 | 00867cam a22002653a 4500 | ||
|---|---|---|---|
| 001 | 13857 | ||
| 003 | PGUSA | ||
| 005 | 20140828083310.0 | ||
| 008 | 041025s2004||||xxu|||||s|||||000 1 eng d | ||
| 040 |
_aPGUSA _beng |
||
| 042 | _adc | ||
| 050 | 4 | _aPQ | |
| 100 | 1 |
_aDumas, Alexandre, _d1802-1870 |
|
| 245 | 1 | 0 |
_aLa reine Margot - Tome II _h[electronic resource] / _cAlexandre Dumas |
| 260 |
_bProject Gutenberg, _c2004 |
||
| 506 | _aPublic domain in the USA. | ||
| 516 | _aElectronic text | ||
| 653 | _aSaint Bartholomew's Day, Massacre of, France, 1572 -- Fiction | ||
| 653 | _aHenry IV, King of France, 1553-1610 -- Fiction | ||
| 653 | _aMarguerite, Queen, consort of Henry IV, King of France, 1553-1615 -- Fiction | ||
| 653 | _aHistorical fiction | ||
| 830 | 0 |
_aProject Gutenberg _v13857 |
|
| 856 | 4 | 0 | _uhttp://www.gutenberg.org/ebooks/13857 |
| 942 | _cEB | ||
| 999 |
_c243112 _d243112 |
||